| 000 | 00941nam a2200253Ia 4500 | ||
|---|---|---|---|
| 001 | 18533 | ||
| 003 | GE_BSU | ||
| 008 | 181216s||||||||xx |||||||||||||| ||und|| | ||
| 020 | _aISBN 978-9941-11-379-6 | ||
| 040 | _cGE_BSU | ||
| 080 | _a821.111(73)-31 | ||
| 100 | _aკერუაკი, ჯეკ | ||
| 245 | _aგზაზე : [რომანი] | ||
| 245 | _cმთარგმნ. თამარ ჭილაძე ; რედ. ანა ჭაბაშვილი. | ||
| 260 | _aთბილისი | ||
| 260 | _bდიოგენე | ||
| 260 | _c2012 | ||
| 300 | _a488 გვ,19 სმ. | ||
| 541 | _h11ლ.90თ. | ||
| 653 | _a[რომანი] | ||
| 653 | _aგზაზე | ||
| 653 | _aდღეს მეოცე საუკუნის ასი საუკეთესო ინგლისურენოვანი რომანის სიაშია შეტანილი. | ||
| 942 | _cBK | ||
| 999 |
_c51542 _d51542 |
||